00585nam a2200193Ia 4500001001000000003000500010008004100015010001100056040000900067082001600076100002000092245008800112260006200200300001100262650003900273700002100312700001900333710003900352Para_2105CHAP220125s1998 xx 000 0 und d a204571 cCHAP aPA 632.8 H4 aHadidi, A., ed. aPlant virus disease control /c ed. by A. Hadidi, R.K. Khetarpal and H. Koganezawa aSt. Paul Minn :b :b American phytopathological society a684 p. aPlantas x enfermedades por virus aKhetarpal, R.K.  aKoganezawa, H. aAmerican phytopathological society